Internal combustion engines and air pollution (Record no. 4453)

000 -LEADER
fixed length control field 00551nam a22001937a 4500
001 - CONTROL NUMBER
control field 4453
003 - CONTROL NUMBER IDENTIFIER
control field BD-DhUET
008 - FIXED-LENGTH DATA ELEMENTS--GENERAL INFORMATION
fixed length control field 141116b xxu||||| |||| 00| 0 eng d
020 ## - INTERNATIONAL STANDARD BOOK NUMBER
International Standard Book Number 0352045600
040 ## - CATALOGING SOURCE
Transcribing agency 0
Modifying agency BD-DhUET
082 ## - DEWEY DECIMAL CLASSIFICATION NUMBER
Classification number 621.43
Item number OBE/1973
100 ## - MAIN ENTRY--PERSONAL NAME
Personal name Obert, Edward F.
245 ## - TITLE STATEMENT
Title Internal combustion engines and air pollution
Remainder of title based on internal combustion engines
250 ## - EDITION STATEMENT
Edition statement 3rd ed.
260 ## - PUBLICATION, DISTRIBUTION, ETC. (IMPRINT)
Place of publication, distribution, etc. New York
Name of publisher, distributor, etc. Intext Educational Publishers
Date of publication, distribution, etc. 1973
300 ## - PHYSICAL DESCRIPTION
Extent xiii, 740 p.
Other physical details ill.
650 #0 - SUBJECT ADDED ENTRY--TOPICAL TERM
Topical term or geographic name as entry element Internal combustion engines
942 ## - ADDED ENTRY ELEMENTS (KOHA)
Koha item type General Book
Holdings
Price effective from Source of classification or shelving scheme Withdrawn status Copy number Koha normalized classification for sorting Piece designation (barcode) Koha issues (times borrowed) Koha full call number Sublocation or collection (holding branch) Location (home branch) Lost status Koha item type Not for loan Damaged status Koha date last seen Koha date last borrowed Date acquired Shelving location
2014-11-16   621_000000000000000_43OBE1973421131621.43/OBE/1973Central Library, BUETCentral Library, BUET General Book  2015-10-122014-11-162014-11-16Circulation section
2015-04-13  2621_430000000000000_OBE_1973421113621.43/OBE/1973Central Library, BUETCentral Library, BUET General Book  2018-02-172018-02-032015-04-13Circulation section
2015-06-16  3621_430000000000000_OBE_197342105 621.43/OBE/1973Central Library, BUETCentral Library, BUET Reading Item  2015-06-16 2015-06-16Reading section
2015-06-30  4621_430000000000000_OBE_197348959 621.43/OBE/1973Central Library, BUETCentral Library, BUET Reading Item  2015-06-30 2015-06-30Reading section
2015-07-02  5621_430000000000000_OBE_197342108 621.43/OBE/1973Central Library, BUETCentral Library, BUET Reading Item  2015-07-02 2015-07-02Reading section
2015-07-04  6621_430000000000000_OBE_197348939 621.43/OBE/1973Central Library, BUETCentral Library, BUET Reading Item  2015-07-04 2015-07-04Reading section